| 000 | 00747nam a22002657a 4500 | ||
|---|---|---|---|
| 001 | BR9902409 | ||
| 003 | BR-BrBNA | ||
| 005 | 20230928100357.0 | ||
| 007 | ta | ||
| 008 | 230509b bl.||||| |||| 00| 0 por d | ||
| 040 |
_aBR-BrBNA _bpor _cBiblioteca Nacional de Agricultura |
||
| 041 | _a(Por) | ||
| 072 |
_aP05 _b2120 |
||
| 090 | _ 2120 BR9902409 | ||
| 110 | 1 |
_aCompanhia Energetica de Minas Gerais, Belo Horizonte (Brasil) _92426 |
|
| 245 | 1 | _aEstudo de otimizacao energetica; setor cafe - relatorio final | |
| 260 | 3 |
_aBelo Horizonte, MG (Brasil): _c1994. |
|
| 300 | _a26 p. | ||
| 500 | _a15 tables | ||
| 650 | _aCafe | ||
| 650 | _aPos-Colheita | ||
| 650 | _aEnergia Eletrica | ||
| 909 |
_a202309 _bLucia _c55 _dLucia Elande |
||
| 942 | _cBK | ||
| 999 |
_c61120 _d61120 |
||